[Event "AUTO-INT-365"]
[Site "http://www.queenalice.com/game.php?id=175200"]
[Date "2007.2.28"]
[Round "1"]
[White "reginaldox"]
[Black "damasceno"]
[Result "1-0"]
[WhiteElo "1608"]
[BlackElo "1392"]

1. e4 d6 2. d4 e6 3. c4 g6 4. Nf3 Bg7 5. Nc3 Nf6 6. Bg5 Qd7 7. Be2 O-O 8. Qd2
Nc6 9. Bh6 Ng4 10. Bxg7 Kxg7 11. Ng5 Nf6 12. O-O-O Re8 13. g4 h6 14. Nf3 Nxg4
15. Rdf1 e5 16. h3 exd4 17. Nxd4 Nxd4 18. Qxd4+ Ne5 19. f4 c5 20. Qd5 Nc6 21.
Bg4 Qe7 22. Rfg1 Bxg4 23. hxg4 Nb4 24. Qd2 Qf6 25. Nd5 Nxd5 26. exd5 Re4 27. g5
hxg5 28. fxg5 1-0

[Event "AUTO-INT-365"]
[Site "http://www.queenalice.com/game.php?id=175201"]
[Date "2007.2.28"]
[Round "1"]
[White "damasceno"]
[Black "reginaldox"]
[Result "0-1"]
[WhiteElo "1385"]
[BlackElo "1615"]

1. d4 d5 2. e3 c5 3. dxc5 e5 4. Nf3 Nc6 5. a3 Bxc5 6. Bb5 Nf6 7. Bxc6+ bxc6 8.
Nxe5 Bb7 9. O-O O-O 10. c3 Re8 11. Nd3 Bb6 12. Qb3 Rb8 13. Nb4 Bc5 14. Nd2 a5
15. Nd3 Ba6 16. Qc2 Ne4 17. b4 Bb6 18. bxa5 Bxa5 19. Nxe4 dxe4 20. Nc5 Bxf1 21.
Kxf1 Qe7 22. Nb3 Qa7 23. Nxa5 Qxa5 24. Bd2 Qa6+ 25. Kg1 Qd3 26. Qxd3 exd3 27. a4
Rb2 0-1

[Event "AUTO-INT-365"]
[Site "http://www.queenalice.com/game.php?id=175212"]
[Date "2007.2.28"]
[Round "1"]
[White "felipe_jp"]
[Black "damasceno"]
[Result "1-0"]
[WhiteElo "1500"]
[BlackElo "1455"]

1. e4 e6 2. d3 g6 3. Nc3 Bg7 4. Nf3 Ne7 5. Be2 O-O 6. O-O Bxc3 7. bxc3 d5 8.
exd5 Nxd5 9. Qd2 Qf6 10. Ba3 Re8 11. Ng5 Qxc3 12. Qxc3 Nxc3 13. Bg4 Nc6 14. Rae1
Nd4 15. Re4 Nxe4 16. dxe4 Nxc2 17. Bb2 a5 18. Rc1 Nb4 19. Rxc7 f5 20. Rg7+ Kf8
21. Nxh7# 1-0

[Event "AUTO-INT-365"]
[Site "http://www.queenalice.com/game.php?id=175213"]
[Date "2007.2.28"]
[Round "1"]
[White "damasceno"]
[Black "felipe_jp"]
[Result "0-1"]
[WhiteElo "1392"]
[BlackElo "1522"]

1. d4 d5 2. g3 e6 3. a3 Nf6 4. Bg2 Nc6 5. Nf3 Be7 6. O-O h5 7. Nbd2 Rh6 8. Nb3
Ne4 9. Bxh6 gxh6 10. Ne5 Nxe5 11. dxe5 Bc5 12. Bxe4 dxe4 13. Qxd8+ Kxd8 14. Nxc5
b6 15. Nxe4 f5 16. Rfd1+ Ke8 17. Nf6+ Kf7 18. Nxh5 a5 19. Rd8 f4 20. Nxf4 Ke7
21. Rh8 b5 22. Rd1 b4 23. Rdd8 bxa3 24. bxa3 Bb7 25. Rxa8 Bxa8 26. Rxa8 c5 27.
Rxa5 h5 28. Rxc5 h4 29. gxh4 Kd7 0-1

[Event "AUTO-INT-365"]
[Site "http://www.queenalice.com/game.php?id=175220"]
[Date "2007.2.28"]
[Round "1"]
[White "damasceno"]
[Black "paulouk"]
[Result "0-1"]
[WhiteElo "1450"]
[BlackElo "1579"]

1. d4 d5 2. e3 Nf6 3. a3 a6 4. g3 Nc6 5. Bg2 h6 6. Nf3 e6 7. O-O Bd6 8. Nc3 b5
9. Re1 b4 10. Na4 O-O 11. Nc5 e5 12. Nxe5 Nxe5 13. dxe5 Bxe5 14. Nd3 Bd6 15.
axb4 Qe7 16. c3 c6 17. Qa4 Bd7 18. Qb3 Ng4 19. h3 Nf6 20. f3 Nh5 21. g4 Ng3 22.
Kf2 Qh4 23. Kg1 h5 24. Qc2 hxg4 25. fxg4 Bxg4 26. hxg4 Qxg4 27. Qf2 Ne4 28. Qf3
Qh4 29. Nf4 Qxe1+ 30. Bf1 g6 31. Ng2 Qg3 32. Qe2 Qh2# 0-1

[Event "AUTO-INT-365"]
[Site "http://www.queenalice.com/game.php?id=175221"]
[Date "2007.2.28"]
[Round "1"]
[White "paulouk"]
[Black "damasceno"]
[Result "0-1"]
[WhiteElo "1579"]
[BlackElo "1432"]

1. e4 e6 2. d4 d5 3. e5 g6 4. Nf3 Bg7 5. Nc3 Ne7 6. a4 O-O 7. g4 Nbc6 8. b4 Nxb4
9. Bd2 f5 10. Ng5 Nec6 11. Be3 f4 12. Bxf4 Rxf4 13. Nb5 Qxg5 14. Nxc7 Rxd4 15.
Bd3 Nxd3+ 16. Kf1 Nxf2 17. Kxf2 Rxd1 18. Raxd1 Rb8 19. Rhg1 Bxe5 20. Nb5 a6 21.
Na3 Bd4+ 22. Rxd4 Nxd4 23. h3 Qd2+ 24. Kf1 Qe2# 0-1

[Event "Challenge"]
[Site "http://www.queenalice.com/game.php?id=175316"]
[Date "2007.2.28"]
[Round "-"]
[White "damasceno"]
[Black "Lobi"]
[Result "0-1"]
[WhiteElo "1424"]
[BlackElo "1782"]

1. d4 Nf6 2. Nf3 g6 3. c4 Bg7 4. Nbd2 d5 5. c5 O-O 6. e3 c6 7. Bd3 b6 8. cxb6
axb6 9. O-O Nbd7 10. Qc2 Qc7 11. Ne5 Nxe5 12. dxe5 Nd7 13. f4 Nc5 14. b4 Nxd3
15. Qxd3 Ba6 16. Qd4 Bxf1 17. Kxf1 f6 18. Kg1 fxe5 19. fxe5 Bxe5 20. Qd3 Bxa1
21. a3 Be5 22. e4 Bxh2+ 23. Kh1 Qg3 24. Qd4 Rf2 0-1

[Event "Challenge"]
[Site "http://www.queenalice.com/game.php?id=175317"]
[Date "2007.2.28"]
[Round "-"]
[White "Lobi"]
[Black "damasceno"]
[Result "1-0"]
[WhiteElo "1771"]
[BlackElo "1428"]

1. e4 e6 2. d4 Nf6 3. Bg5 Be7 4. Nc3 O-O 5. e5 Nd5 6. Bxe7 Qxe7 7. Nxd5 exd5 8.
c3 Nc6 9. Bd3 d6 10. f4 Qh4+ 11. g3 Qh6 12. Nf3 Bg4 13. Qe2 Qh5 14. Kf2 Bxf3 15.
Qxf3 Qh3 16. Qxd5 a5 17. Rae1 Rfd8 18. e6 fxe6 19. Rxe6 Re8 20. Rxe8# 1-0

[Event "Challenge"]
[Site "http://www.queenalice.com/game.php?id=175318"]
[Date "2007.2.28"]
[Round "-"]
[White "damasceno"]
[Black "gme59"]
[Result "1-0"]
[WhiteElo "1428"]
[BlackElo "1063"]

1. d4 Nf6 2. Nd2 g6 3. c4 Bg7 4. e4 d6 5. Ngf3 O-O 6. Be2 Nbd7 7. O-O e5 8. d5
Nc5 9. Qc2 Re8 10. b4 Ncd7 11. c5 Rb8 12. c6 bxc6 13. dxc6 Nb6 14. a4 a5 15. b5
Nh5 16. Nc4 Re7 17. Nxb6 Rxb6 18. Bg5 f6 19. Be3 Rb8 20. Bc4+ Be6 21. Bxe6+ Rxe6
22. Qc4 Qe8 23. Rab1 f5 24. Ng5 d5 25. Qxd5 Qe7 26. Nxe6 1-0

[Event "Challenge"]
[Site "http://www.queenalice.com/game.php?id=175319"]
[Date "2007.2.28"]
[Round "-"]
[White "gme59"]
[Black "damasceno"]
[Result "0-1"]
[WhiteElo "1063"]
[BlackElo "1575"]

1. d4 d5 2. c4 e6 3. Nc3 dxc4 4. e4 c6 5. f4 b5 6. a3 g6 7. b3 cxb3 8. Bb2 Bg7
9. e5 a5 10. Qxb3 Qxd4 11. Nce2 Qd5 12. Qxd5 exd5 13. O-O-O Ne7 14. Nd4 O-O 15.
Ngf3 Rd8 16. Be2 Ba6 17. Bc3 b4 18. axb4 Bxe2 19. Nxe2 axb4 20. Bxb4 Nf5 21. Kd2
Ra4 22. Bc5 Na6 23. Rb1 Nxc5 0-1

[Event "Challenge"]
[Site "http://www.queenalice.com/game.php?id=175320"]
[Date "2007.2.28"]
[Round "-"]
[White "damasceno"]
[Black "RIVAS"]
[Result "0-1"]
[WhiteElo "1396"]
[BlackElo "1987"]

1. d4 d5 2. e3 Nf6 3. g3 Bg4 4. f3 Bf5 5. b3 e6 6. Bb2 Bb4+ 7. Nd2 O-O 8. Bg2
Nbd7 9. Qe2 a6 10. O-O-O Qe7 11. e4 Bg6 12. g4 Ba3 13. Nh3 Bxb2+ 14. Kxb2 c5 15.
exd5 Nxd5 16. Nc4 cxd4 17. Rxd4 Nb4 18. Nf4 Bxc2 19. Qd2 Qf6 20. a3 Nc6 21. Nh5
Qxd4+ 22. Kxc2 Qxd2+ 23. Kxd2 Nde5 0-1

[Event "Challenge"]
[Site "http://www.queenalice.com/game.php?id=175321"]
[Date "2007.2.28"]
[Round "-"]
[White "RIVAS"]
[Black "damasceno"]
[Result "1-0"]
[WhiteElo "1991"]
[BlackElo "1450"]

1. e4 d6 2. d4 Nf6 3. Nc3 Nbd7 4. Nf3 b6 5. Be2 Bb7 6. Bd3 e6 7. O-O Qe7 8. Bg5
O-O-O 9. e5 Bxf3 10. Qxf3 d5 11. exf6 gxf6 12. Bh4 e5 13. Qxd5 Kb8 14. Be4 c6
15. Qxc6 Nc5 16. dxc5 bxc5 17. Bxf6 Qe6 18. Qb7# 1-0

[Event "Challenge"]
[Site "http://www.queenalice.com/game.php?id=175388"]
[Date "2007.2.28"]
[Round "-"]
[White "ravague"]
[Black "damasceno"]
[Result "1-0"]
[WhiteElo "1820"]
[BlackElo "1453"]

1. e4 Nf6 2. e5 Nd5 3. c4 Nb6 4. d4 d6 5. f4 dxe5 6. fxe5 e6 7. Nf3 Bb4+ 8. Nc3
Bxc3+ 9. bxc3 O-O 10. Bd3 f6 11. Ba3 Re8 12. O-O f5 13. Bc1 N8d7 14. Ng5 h6 15.
Nf3 a5 16. Qe1 Na4 17. Qg3 Nxc3 18. Bxh6 Re7 19. Bg5 Nc5 20. Bxe7 Nxd3 21. Bxd8
Ne2+ 22. Kh1 Nxg3+ 23. hxg3 Bd7 24. Bxc7 Kf7 25. Rab1 Bc6 26. Kg1 f4 27. gxf4 g6
28. Ng5+ Ke7 29. Bd6+ Kd7 30. Nxe6 Kxe6 31. d5+ Bxd5 32. cxd5+ Kxd5 33. Rfd1 Ke4
34. Rxb7 Rf8 35. Bxf8 Nxf4 36. Re1+ Kf5 37. Bh6 Nd3 38. e6 1-0

[Event "Challenge"]
[Site "http://www.queenalice.com/game.php?id=175389"]
[Date "2007.2.28"]
[Round "-"]
[White "damasceno"]
[Black "ravague"]
[Result "0-1"]
[WhiteElo "1394"]
[BlackElo "1852"]

1. d4 d5 2. e3 Nf6 3. g3 e6 4. Bg2 c5 5. Nf3 Nc6 6. O-O Qb6 7. Nbd2 cxd4 8. exd4
Nxd4 9. Nxd4 Qxd4 10. c3 Qb6 11. Re1 Bd6 12. Qc2 O-O 13. Nf3 Ne4 14. Nd4 e5 15.
Nf5 Bxf5 16. Be3 d4 17. cxd4 exd4 18. Bxe4 dxe3 19. fxe3 Bxe4 20. Qxe4 Rfe8 21.
Qf3 Rac8 22. Re2 Re6 23. Rf1 Rf6 24. Qg4 Rxf1+ 25. Kxf1 Re8 26. Qf3 Bc5 27. e4
Bd4 28. b3 Rc8 29. Kg2 Rc1 30. Qg4 Rg1+ 31. Kh3 Qh6+ 32. Qh4 Qxh4+ 33. Kxh4 g6
34. a4 Rb1 35. Rd2 Bf6+ 36. Kh3 Rxb3 37. Rf2 Kg7 38. Kg4 Rb4 39. Ra2 Rxe4+ 40.
Kf3 Rb4 41. a5 h5 0-1

[Event "Challenge"]
[Site "http://www.queenalice.com/game.php?id=175414"]
[Date "2007.2.28"]
[Round "-"]
[White "damasceno"]
[Black "RIVAS"]
[Result "0-1"]
[WhiteElo "1409"]
[BlackElo "2004"]

1. d4 d5 2. e3 Nf6 3. g3 Bg4 4. Ne2 Bf3 5. Rg1 e6 6. Bg2 Bxg2 7. Rxg2 Bd6 8. a3
O-O 9. Kf1 Nc6 10. Kg1 e5 11. dxe5 Nxe5 12. f4 Ng6 13. Kh1 Re8 14. Nbc3 Bc5 15.
Na4 Bxe3 16. Bxe3 Rxe3 17. Qd2 Re8 18. Nc5 b6 19. Nb3 c5 20. Re1 Qd7 21. Nc3
Rxe1+ 22. Qxe1 Re8 23. Ne2 Ne4 24. c3 Qg4 25. a4 a5 26. Nbc1 Nd6 27. Nd3 Nf5 28.
b4 c4 29. Nf2 Qxe2 30. Qb1 Ne3 31. Rg1 Qf3+ 0-1

[Event "Challenge"]
[Site "http://www.queenalice.com/game.php?id=175415"]
[Date "2007.2.28"]
[Round "-"]
[White "RIVAS"]
[Black "damasceno"]
[Result "1-0"]
[WhiteElo "1994"]
[BlackElo "1435"]

1. e4 d6 2. d4 e6 3. c4 g6 4. Nf3 Bg7 5. Nc3 Ne7 6. Be2 O-O 7. O-O Nbc6 8. Be3
Re8 9. Qd2 Qd7 10. Rac1 Nb4 11. a3 Nbc6 12. b4 Kh8 13. d5 exd5 14. cxd5 Nb8 15.
Bh6 Bxh6 16. Qxh6 b6 17. Ng5 1-0

[Event "Challenge"]
[Site "http://www.queenalice.com/game.php?id=175416"]
[Date "2007.2.28"]
[Round "-"]
[White "damasceno"]
[Black "gabrielbrenner"]
[Result "0-1"]
[WhiteElo "1409"]
[BlackElo "1716"]

1. d4 d5 2. g3 Nc6 3. Bg2 Nf6 4. Nf3 Bf5 5. a3 e6 6. O-O Be7 7. Re1 O-O 8. Nc3
Qd7 9. Ne5 Nxe5 10. dxe5 Ng4 11. e4 Bg6 12. exd5 Bc5 0-1

[Event "Challenge"]
[Site "http://www.queenalice.com/game.php?id=175417"]
[Date "2007.2.28"]
[Round "-"]
[White "gabrielbrenner"]
[Black "damasceno"]
[Result "1-0"]
[WhiteElo "1720"]
[BlackElo "1405"]

1. e4 e6 2. f4 g6 3. Nf3 Bg7 4. Nc3 Nf6 5. d4 O-O 6. Bc4 Nc6 7. O-O d6 8. e5 Nd7
9. Be3 d5 10. Bd3 a6 11. a3 a5 12. Ng5 f6 13. Nf3 fxe5 14. fxe5 a4 15. Ne2 1-0

[Event "AUTO-INT-366"]
[Site "http://www.queenalice.com/game.php?id=175744"]
[Date "2007.3.1"]
[Round "1"]
[White "marinhoxadrez"]
[Black "damasceno"]
[Result "1-0"]
[WhiteElo "1371"]
[BlackElo "1575"]

1. e4 d6 2. d4 e6 3. Nf3 g6 4. Nc3 Bg7 5. Bg5 f6 6. Bh4 e5 7. d5 Ne7 8. Qd2 O-O
9. O-O-O g5 10. Bg3 Bh6 11. Kb1 Kg7 12. Qe2 c6 13. h4 g4 14. Nh2 Qd7 15. f3 gxf3
16. gxf3 cxd5 17. Nxd5 Nxd5 18. exd5 Re8 19. Rg1 Kh8 20. Ng4 Bf4 21. Nxf6 Qf7
22. Nxe8 Bxg3 23. Rxg3 Qxe8 24. Qe4 Qf7 25. Bd3 Nd7 26. Rdg1 Nf6 27. Qb4 Qxd5
28. Bc4 Qd4 29. Rg8+ Nxg8 30. Rxg8# 1-0

[Event "AUTO-INT-366"]
[Site "http://www.queenalice.com/game.php?id=175745"]
[Date "2007.3.1"]
[Round "1"]
[White "damasceno"]
[Black "marinhoxadrez"]
[Result "0-1"]
[WhiteElo "1489"]
[BlackElo "1406"]

1. d4 d5 2. e3 Bf5 3. Nf3 Nf6 4. Nc3 e6 5. a3 c5 6. dxc5 Bxc5 7. Ne5 O-O 8. g3
Nbd7 9. Nxd7 Qxd7 10. Bg2 Rac8 11. O-O d4 12. Na2 dxe3 13. Qxd7 exf2+ 14. Kh1
Nxd7 15. Bxb7 Rc7 16. Bg2 Bxc2 17. Nc3 Nf6 18. Bd2 Rd8 19. Bg5 Rcd7 20. Rac1 Bd3
21. Nd1 Bxf1 22. Bxf1 Rxd1 23. Rxd1 Rxd1 24. Kg2 Ne4 25. Bf4 Nd2 26. Be2 Bb6 27.
Bxd2 Rxd2 28. Bf1 Rxb2 29. a4 e5 0-1

[Event "AUTO-INT-366"]
[Site "http://www.queenalice.com/game.php?id=175756"]
[Date "2007.3.1"]
[Round "1"]
[White "jocker_1"]
[Black "damasceno"]
[Result "1-0"]
[WhiteElo "1541"]
[BlackElo "1487"]

1. d4 d5 2. c4 dxc4 3. Nc3 c6 4. Nf3 b5 5. e3 g6 6. Be2 Bg7 7. O-O Nf6 8. Ne5
O-O 9. b3 Nd5 10. Nxd5 Qxd5 11. bxc4 bxc4 12. Bxc4 Qe4 13. Bd3 Qd5 14. Bc4 Qd6
15. Qb3 Bxe5 16. dxe5 Qxe5 17. Bb2 Qd6 18. Qc3 e5 19. f4 Kh8 20. fxe5 Qe7 21.
e6+ f6 22. Rxf6 Qxf6 23. Qxf6+ Rxf6 24. Bxf6+ Kg8 25. e7+ Be6 26. Bxe6# 1-0

[Event "AUTO-INT-366"]
[Site "http://www.queenalice.com/game.php?id=175757"]
[Date "2007.3.1"]
[Round "1"]
[White "damasceno"]
[Black "jocker_1"]
[Result "0-1"]
[WhiteElo "1378"]
[BlackElo "1173"]

1. d4 d5 2. e3 Bf5 3. Nd2 Nf6 4. Qf3 e6 5. Ne2 Bd6 6. g3 Bxc2 7. Bg2 Ne4 8. O-O
O-O 9. b3 f5 10. Re1 Bb4 11. Nxe4 Bxe1 12. Nd2 Bxd2 13. Bxd2 Be4 14. Qf4 Bxg2
15. Kxg2 c6 16. Bb4 Rf6 17. Nc3 a5 18. Bd6 Nd7 19. Be5 Nxe5 20. dxe5 Rg6 21. h4
Rg4 22. Qf3 Qxh4 23. Kf1 Qh3+ 24. Ke2 h5 25. Rh1 Rxg3 26. fxg3 Qg4 27. Qxg4 hxg4
28. Na4 b5 29. Nc5 Kf7 30. Kd3 g5 31. Rh7+ Kg6 32. Rc7 a4 33. Rxc6 axb3 34.
Rxe6+ Kh5 35. axb3 f4 36. exf4 gxf4 37. Rf6 fxg3 38. Rf1 Kh4 39. Rh1+ Kg5 40.
Kd4 Ra2 41. e6 g2 42. Rg1 Kh4 43. e7 Re2 44. Kxd5 Kh3 45. Ne6 Kh2 46. Rxg2+ Rxg2
47. e8=Q Rd2+ 48. Kc5 Rb2 49. Qxb5 g3 50. Nf4 Rf2 51. Qb4 Rc2+ 52. Kb5 Rf2 53.
Nh5 Rf5+ 54. Ka4 Rxh5 55. Qd2+ g2 56. b4 Kh1 0-1

[Event "AUTO-INT-366"]
[Site "http://www.queenalice.com/game.php?id=175764"]
[Date "2007.3.1"]
[Round "1"]
[White "damasceno"]
[Black "gabrielbrenner"]
[Result "0-1"]
[WhiteElo "1399"]
[BlackElo "1726"]

1. d4 d5 2. e3 Nf6 3. g3 Nc6 4. Bg2 Bg4 5. Nf3 e5 6. dxe5 Nxe5 7. h3 Bh5 8. g4
Nxf3+ 9. Qxf3 Bg6 10. O-O Bd6 0-1